Станции метро Самары - Statistics

General Stats
  • This quiz has been taken 39 times
  • The average score is 8 of 10
Answer Stats
Answer % Correct
Московская
85%
Гагаринская
82%
Алабинская
79%
Российская
79%
Победа
79%
Спортивная
76%
Безымянка
76%
Кировская
76%
Юнгородок
76%
Советская
70%
No matching quizzes found
Score Distribution
Percent of People with Each Score
Percentile by Number Answered
Your Score History
You have not taken this quiz